00929nam a2200289 a 4500001001400000003000400014005001700018008004100035015001400076020003900090040002900129082001400158100003200172245007000204264005800274264001200332300005400344336002100398337002500419338002300444490003600467500001200503504005100515650001800566650001900584830003600603vtls000654279PNM20180728150240.0110905t20122012my ao g | 000 0 may  aM13-02269 a9789673910601 cRM112.00qhardback aBNMcPNMbengdPPAKerda04a362.22230 aAlia Hanisa,d1985-eauthor10aPENINGKATAN GANGGUAN MENTAL DI MALAYSIA :nJilid 2 /cAlia Hanisa aSeri Kembangan, Selangor :bPenerbitan Premier,c2012 4c© 2012 aiv, 44 pages :bcolour illustrations gf. ;c30 cm 2rdacontentatext 2rdamediaaunmediated 2rdacarrieravolume1 aSIRI KESEDARAN KESIHATAN MENTAL aJilid 2 aIncludes bibliographical references : pages 4410aMental health20aMental illness 0aSiri kesedaran kesihatan mental